[Event "Moscow Rapid Chess Cup 2018"]
[Site "?"]
[Date "2018.12.08"]
[Round "2.10"]
[White "Gareyev, Timur"]
[Black "Matyunin, Maxim"]
[Result "0-1"]
[BlackElo "2095"]
[WhiteElo "2575"]
[LiveChessVersion "1.4.8"]

1. d4 {[%clk 0:15:18]} e6 {[%clk 0:15:20]} 2. c4 {[%clk 0:15:26]} d5
{[%clk 0:15:25]} 3. Nc3 {[%clk 0:15:34]} Be7 {[%clk 0:15:34]} 4. Nf3
{[%clk 0:15:39]} Nf6 {[%clk 0:15:44]} 5. e3 {[%clk 0:15:47]} O-O {[%clk 0:15:48]}
6. Qc2 {[%clk 0:15:56]} b6 {[%clk 0:15:55]} 7. b3 {[%clk 0:16:03]} Bb7
{[%clk 0:15:57]} 8. Bb2 {[%clk 0:16:11]} c5 {[%clk 0:15:59]} 9. Rd1
{[%clk 0:16:16]} Nbd7 {[%clk 0:15:59]} 10. dxc5 {[%clk 0:16:03]} bxc5
{[%clk 0:16:00]} 11. cxd5 {[%clk 0:16:09]} exd5 {[%clk 0:16:08]} 12. Be2
{[%clk 0:16:03]} Qa5 {[%clk 0:15:18]} 13. O-O {[%clk 0:16:06]} Rac8
{[%clk 0:15:22]} 14. Qf5 {[%clk 0:15:19]} Rfd8 {[%clk 0:14:55]} 15. Ne5
{[%clk 0:12:45]} Nxe5 16. Qxe5 {[%clk 0:12:52]} Bd6 {[%clk 0:13:32]} 17. Qf5
{[%clk 0:12:49]} Bb8 {[%clk 0:13:18]} 18. Bf3 {[%clk 0:12:47]} c4
{[%clk 0:10:49]} 19. bxc4 {[%clk 0:11:54]} Rxc4 {[%clk 0:10:56]} 20. Ne2
{[%clk 0:11:50]} Bc8 {[%clk 0:08:45]} 21. Qb1 {[%clk 0:10:27]} Qc7
{[%clk 0:07:47]} 22. Ng3 {[%clk 0:09:47]} Ne4 {[%clk 0:05:40]} 23. Bxe4
{[%clk 0:09:49]} dxe4 {[%clk 0:05:47]} 24. Be5 {[%clk 0:09:44]} 0-1

[Event "Moscow Rapid Chess Cup 2018"]
[Site "?"]
[Date "2018.12.08"]
[Round "3.1"]
[White "Shinkevich, Vitaly"]
[Black "Dvalishvili, Pavel S."]
[Result "1/2-1/2"]
[BlackElo "2404"]
[WhiteElo "2545"]
[LiveChessVersion "1.4.8"]

1. d4 {[%clk 0:15:17]} Nf6 {[%clk 0:15:20]} 2. Nf3 {[%clk 0:15:25]} e6
{[%clk 0:15:14]} 3. c4 {[%clk 0:15:32]} b6 {[%clk 0:15:21]} 4. a3
{[%clk 0:15:40]} Bb7 {[%clk 0:15:29]} 5. Nc3 {[%clk 0:15:47]} d5 {[%clk 0:15:36]}
6. cxd5 {[%clk 0:15:50]} Nxd5 {[%clk 0:15:45]} 7. e4 {[%clk 0:14:52]} Nxc3
{[%clk 0:15:50]} 8. bxc3 {[%clk 0:15:01]} Bxe4 {[%clk 0:15:12]} 9. Ne5
{[%clk 0:15:09]} a6 {[%clk 0:14:05]} 10. Qg4 {[%clk 0:14:27]} Bb7
{[%clk 0:13:37]} 11. Bc4 {[%clk 0:14:28]} Bd5 {[%clk 0:13:15]} 12. Bxd5
{[%clk 0:14:03]} Qxd5 {[%clk 0:13:13]} 13. c4 {[%clk 0:13:58]} Qb7
{[%clk 0:12:54]} 14. O-O {[%clk 0:14:02]} Nd7 {[%clk 0:11:22]} 15. Nxd7
{[%clk 0:13:13]} Kxd7 {[%clk 0:11:31]} 16. d5 {[%clk 0:13:21]} Re8
{[%clk 0:11:29]} 17. Qf3 {[%clk 0:11:15]} f6 {[%clk 0:11:20]} 18. Be3
{[%clk 0:09:02]} Kc8 {[%clk 0:11:01]} 19. a4 {[%clk 0:09:09]} exd5
{[%clk 0:10:22]} 20. cxd5 {[%clk 0:09:18]} Rd8 {[%clk 0:06:41]} 21. Rfc1
{[%clk 0:08:35]} Qxd5 {[%clk 0:05:43]} 22. Bxb6 {[%clk 0:07:48]} Qxf3
{[%clk 0:05:46]} 23. Rxc7+ {[%clk 0:07:39]} Kb8 {[%clk 0:05:55]} 24. gxf3
{[%clk 0:07:47]} Bd6 {[%clk 0:05:36]} 25. Rf7 {[%clk 0:06:44]} Rhf8
{[%clk 0:05:04]} 26. Rxg7 {[%clk 0:06:20]} Rg8 {[%clk 0:05:13]} 27. Bxd8
{[%clk 0:03:25]} Rxg7+ {[%clk 0:05:22]} 28. Kh1 {[%clk 0:02:39]} Be5
{[%clk 0:04:19]} 29. Rd1 {[%clk 0:02:05]} Rg6 {[%clk 0:03:58]} 30. h3
{[%clk 0:01:59]} Rh6 {[%clk 0:04:00]} 31. Kg2 {[%clk 0:02:08]} Rg6+
{[%clk 0:04:09]} 32. Kf1 {[%clk 0:02:14]} Rh6 {[%clk 0:04:19]} 33. Kg2
{[%clk 0:01:46]} Rg6+ {[%clk 0:04:28]} 1/2-1/2

[Event "Moscow Rapid Chess Cup 2018"]
[Site "?"]
[Date "2018.12.08"]
[Round "3.2"]
[White "Zakhartsov, Vladimir"]
[Black "Sychev, Klementy"]
[Result "1/2-1/2"]
[BlackElo "2544"]
[WhiteElo "2473"]
[LiveChessVersion "1.4.8"]

1. c4 {[%clk 0:15:19]} g6 {[%clk 0:15:17]} 2. Nc3 {[%clk 0:15:25]} c5
{[%clk 0:15:25]} 3. g3 {[%clk 0:15:28]} Bg7 {[%clk 0:15:34]} 4. Bg2
{[%clk 0:15:37]} Nc6 {[%clk 0:15:43]} 5. e3 {[%clk 0:15:46]} e6 {[%clk 0:15:51]}
6. Nge2 {[%clk 0:15:54]} Nge7 {[%clk 0:16:00]} 7. O-O {[%clk 0:16:01]} O-O
{[%clk 0:16:09]} 8. d4 {[%clk 0:16:09]} cxd4 {[%clk 0:16:17]} 9. Nxd4
{[%clk 0:16:18]} Nxd4 {[%clk 0:16:25]} 10. exd4 {[%clk 0:16:26]} d5
{[%clk 0:16:34]} 11. cxd5 {[%clk 0:16:33]} Nxd5 {[%clk 0:16:42]} 12. Nxd5
{[%clk 0:16:41]} exd5 {[%clk 0:16:51]} 13. Qb3 {[%clk 0:16:43]} 1/2-1/2

[Event "Moscow Rapid Chess Cup 2018"]
[Site "?"]
[Date "2018.12.08"]
[Round "3.4"]
[White "Golubov, Saveliy"]
[Black "Dragomarezkij, Evgeni"]
[Result "1-0"]
[BlackElo "2350"]
[WhiteElo "2542"]
[LiveChessVersion "1.4.8"]

1. d4 {[%clk 0:15:18]} d5 {[%clk 0:15:20]} 2. Bf4 {[%clk 0:15:26]} Nf6
{[%clk 0:15:27]} 3. e3 {[%clk 0:15:34]} e6 {[%clk 0:15:35]} 4. Nd2
{[%clk 0:15:37]} c5 {[%clk 0:15:36]} 5. c3 {[%clk 0:15:45]} Nc6 {[%clk 0:15:30]}
6. Ngf3 {[%clk 0:15:54]} Bd6 {[%clk 0:15:13]} 7. Bg3 {[%clk 0:16:02]} Qe7
{[%clk 0:14:41]} 8. Bb5 {[%clk 0:15:59]} O-O {[%clk 0:13:23]} 9. Bxc6
{[%clk 0:15:38]} bxc6 {[%clk 0:13:30]} 10. Qa4 {[%clk 0:15:46]} Rb8
{[%clk 0:12:38]} 11. Bxd6 {[%clk 0:15:21]} Qxd6 {[%clk 0:12:46]} 12. Qa3
{[%clk 0:15:29]} Rb5 {[%clk 0:12:11]} 13. Nb3 {[%clk 0:15:14]} Ne4
{[%clk 0:11:02]} 14. dxc5 {[%clk 0:15:08]} Qc7 {[%clk 0:10:15]} 15. Nfd4
{[%clk 0:13:11]} Rb8 {[%clk 0:10:22]} 16. f3 {[%clk 0:13:19]} e5 {[%clk 0:09:40]}
17. fxe4 {[%clk 0:13:03]} exd4 {[%clk 0:09:48]} 18. Nxd4 {[%clk 0:13:09]} Re8
{[%clk 0:09:41]} 19. O-O {[%clk 0:13:04]} Rxe4 {[%clk 0:09:44]} 20. Rae1
{[%clk 0:12:20]} a5 {[%clk 0:09:17]} 21. b4 {[%clk 0:12:07]} Ba6 {[%clk 0:08:56]}
22. Rf3 {[%clk 0:08:03]} Bc4 {[%clk 0:09:02]} 23. Qxa5 {[%clk 0:07:50]} Qxa5
{[%clk 0:09:02]} 24. bxa5 {[%clk 0:07:57]} Ra8 {[%clk 0:07:56]} 25. Rb1
{[%clk 0:07:49]} Bb5 {[%clk 0:05:53]} 26. a4 {[%clk 0:06:13]} Bxa4
{[%clk 0:05:56]} 27. Rb7 {[%clk 0:06:21]} f6 {[%clk 0:05:00]} 28. Nf5
{[%clk 0:06:16]} Rg4 {[%clk 0:04:39]} 29. Rb4 {[%clk 0:04:14]} h5
{[%clk 0:02:47]} 30. h3 {[%clk 0:04:23]} Rxb4 {[%clk 0:02:28]} 31. cxb4
{[%clk 0:04:31]} Rb8 {[%clk 0:02:18]} 32. Rf4 {[%clk 0:04:28]} g5
{[%clk 0:02:20]} 33. Rd4 {[%clk 0:04:30]} Kf7 {[%clk 0:02:25]} 34. Kf2
{[%clk 0:04:18]} h4 {[%clk 0:02:34]} 35. e4 {[%clk 0:03:46]} Ke6 {[%clk 0:02:37]}
36. Nd6 {[%clk 0:03:50]} Bb3 {[%clk 0:02:29]} 37. Ke3 {[%clk 0:03:43]} Ke5
{[%clk 0:01:55]} 38. Nf5 {[%clk 0:01:33]} dxe4 {[%clk 0:01:53]} 39. Ne7
{[%clk 0:01:31]} Ke6 {[%clk 0:01:09]} 40. Nxc6 {[%clk 0:01:24]} Ra8
{[%clk 0:00:34]} 41. Rxe4+ {[%clk 0:01:26]} Kf7 {[%clk 0:00:31]} 42. Re7+
{[%clk 0:01:10]} Kg6 {[%clk 0:00:39]} 43. Nd4 {[%clk 0:00:49]} Bd5
{[%clk 0:00:47]} 44. Kf2 {[%clk 0:00:57]} f5 {[%clk 0:00:28]} 45. Rd7
{[%clk 0:00:45]} Be4 {[%clk 0:00:35]} 46. Rd6+ {[%clk 0:00:55]} Kf7
{[%clk 0:00:40]} 47. g3 {[%clk 0:00:56]} hxg3+ {[%clk 0:00:26]} 48. Kxg3
{[%clk 0:01:05]} Ke7 {[%clk 0:00:16]} 49. a6 {[%clk 0:00:32]} 1-0

[Event "Moscow Rapid Chess Cup 2018"]
[Site "?"]
[Date "2018.12.08"]
[Round "3.6"]
[White "Stukan, Martin"]
[Black "Gareyev, Timur"]
[Result "0-1"]
[BlackElo "2575"]
[WhiteElo "1980"]
[LiveChessVersion "1.4.8"]

1. d4 f5 2. c4 Nf6 3. Nf3 g6 4. g3 Bg7 5. Bg2 O-O 6. O-O d6 7. Nc3 Qe8 8. d5 c6
9. Nd4 e5 10. dxe6 Bxe6 11. Nxe6 Qxe6 12. Bf4 Qxc4 13. Qxd6 Na6 14. Qa3 Rfe8 15.
Qb3 Qxb3 16. axb3 Nc5 17. Be3 Nxb3 18. Rxa7 Rxa7 19. Bxa7 Rd8 20. Rd1 Rxd1+ 21.
Nxd1 Kf7 22. Nc3 Ke6 23. Kf1 Nd5 24. Bxd5+ cxd5 25. Ke1 d4 26. Nd1 Bf8 27. f3
Bb4+ 28. Kf1 Kd5 29. Nf2 Nd2+ 30. Kg2 Nc4 31. Nd3 Bd2 32. Kf2 b5 33. Bb8 g5 34.
h4 h6 35. hxg5 hxg5 36. Bc7 b4 37. b3 Ne3 38. Ba5 Nc2 39. g4 fxg4 40. fxg4 Ke4
41. Kg2 Ne3+ 42. Kh3 Nd5 43. Kg2 Nf4+ 44. Nxf4 Kxf4 45. Bb6 Bc3 46. Bc7+ Ke3 47.
Kf1 Kd2 48. Bd8 Kc2 49. Bxg5 Kxb3 50. Be7 Kc2 51. g5 b3 52. Ba3 Bb4 53. g6 Bxa3
54. g7 b2 55. g8=Q b1=Q+ 56. Kf2 Qb3 57. Qc8+ Kd2 58. Qg4 Bc5 59. Kg2 Qe3 60. Kf1
d3 0-1

[Event "Moscow Rapid Chess Cup 2018"]
[Site "?"]
[Date "2018.12.08"]
[Round "3.12"]
[White "Reprintsev, Alexander"]
[Black "Ulko, Jaroslav"]
[Result "1-0"]
[BlackElo "2424"]
[WhiteElo "2353"]
[LiveChessVersion "1.4.8"]

1. e4 c5 2. b3 a6 3. Bb2 Nc6 4. Nf3 e6 5. c4 Qc7 6. Nc3 Nf6 7. d4 cxd4 8. Nxd4
Bb4 9. Nxc6 Qxc6 10. f3 d5 11. exd5 exd5 12. Qd4 O-O 13. O-O-O Be6 14. Kb1 dxc4
15. Bxc4 Bxc4 16. Qxc4 Qxc4 17. bxc4 Rac8 18. Nd5 Nxd5 19. cxd5 Rfd8 20. Rd3 Bd6
21. g3 Re8 22. Rhd1 f6 23. Ba3 Rcd8 24. Kb2 Kf7 25. R1d2 Re1 26. f4 Ke7 27. Rb3
Rd7 28. Rb6 Bxa3+ 29. Kxa3 Kd8 30. d6 Kc8 31. Kb4 Kb8 32. Kc5 Kc8 33. Kd5 Kb8 34.
Rb3 Kc8 35. Rc3+ Kb8 36. Rcc2 Re3 37. Rc4 b5 38. Rc6 Kb7 39. Rdc2 b4 40. Rc7+
Rxc7 41. Rxc7+ Kb6 42. Rxg7 Re2 43. Rxh7 Rxa2 44. Rh8 Rd2+ 45. Ke6 Re2+ 46. Kxf6
Kc6 47. Ra8 Ra2 48. g4 b3 49. Rb8 Rg2 50. g5 b2 51. g6 Kxd6 52. g7 Kc7 53. Rxb2
1-0

[Event "Moscow Rapid Chess Cup 2018"]
[Site "?"]
[Date "2018.12.08"]
[Round "5.2"]
[White "Dvalishvili, Pavel S."]
[Black "Zakhartsov, Vladimir"]
[Result "0-1"]
[BlackElo "2473"]
[WhiteElo "2404"]
[LiveChessVersion "1.4.8"]

1. d4 {[%clk 0:15:18]} Nf6 {[%clk 0:15:19]} 2. Nf3 {[%clk 0:15:26]} g6
{[%clk 0:15:26]} 3. c4 {[%clk 0:15:34]} Bg7 {[%clk 0:15:34]} 4. Nc3
{[%clk 0:15:42]} d5 {[%clk 0:15:42]} 5. Bg5 {[%clk 0:15:43]} Ne4 {[%clk 0:15:26]}
6. Bh4 {[%clk 0:15:49]} Nxc3 {[%clk 0:14:58]} 7. bxc3 {[%clk 0:15:58]} c5
{[%clk 0:14:35]} 8. e3 {[%clk 0:15:51]} Nc6 {[%clk 0:14:36]} 9. cxd5
{[%clk 0:15:37]} Qxd5 {[%clk 0:14:43]} 10. Qb3 {[%clk 0:15:46]} Be6
{[%clk 0:13:21]} 11. Qa3 {[%clk 0:12:14]} O-O {[%clk 0:12:54]} 12. Be2
{[%clk 0:12:19]} cxd4 {[%clk 0:11:03]} 13. cxd4 {[%clk 0:12:28]} b5
{[%clk 0:09:33]} 14. O-O {[%clk 0:12:27]} b4 {[%clk 0:09:31]} 15. Qa6
{[%clk 0:12:08]} Rab8 {[%clk 0:08:29]} 16. Rfc1 {[%clk 0:12:00]} Rb6
{[%clk 0:08:32]} 17. Qa4 {[%clk 0:11:57]} Bd7 {[%clk 0:08:20]} 18. Qb3
{[%clk 0:11:39]} e6 {[%clk 0:07:12]} 19. Nd2 {[%clk 0:09:43]} Na5
{[%clk 0:05:19]} 20. Qxd5 {[%clk 0:09:38]} exd5 {[%clk 0:05:28]} 21. Rc5
{[%clk 0:09:39]} Nb7 {[%clk 0:04:34]} 22. Rc7 {[%clk 0:09:09]} Be6
{[%clk 0:03:55]} 23. Nb3 {[%clk 0:09:00]} a5 {[%clk 0:03:41]} 24. Be7
{[%clk 0:08:14]} Ra8 {[%clk 0:03:37]} 25. h4 {[%clk 0:07:18]} a4 {[%clk 0:03:31]}
26. Nc5 {[%clk 0:07:13]} Nxc5 {[%clk 0:03:35]} 27. Bxc5 {[%clk 0:07:21]} Rbb8
{[%clk 0:03:40]} 28. Rb1 {[%clk 0:06:00]} Bf8 {[%clk 0:03:46]} 29. Bd3
{[%clk 0:05:17]} b3 {[%clk 0:03:14]} 30. axb3 {[%clk 0:05:21]} axb3
{[%clk 0:03:21]} 31. Kf1 {[%clk 0:05:02]} Bxc5 {[%clk 0:02:26]} 32. Rxc5
{[%clk 0:05:10]} Ra2 {[%clk 0:02:30]} 33. Rc3 {[%clk 0:04:59]} b2
{[%clk 0:02:34]} 34. Ke2 {[%clk 0:04:44]} Ra1 {[%clk 0:02:33]} 35. f3
{[%clk 0:04:47]} Bf5 {[%clk 0:01:54]} 36. e4 {[%clk 0:04:56]} dxe4
{[%clk 0:02:02]} 37. fxe4 {[%clk 0:05:05]} Bxe4 {[%clk 0:01:49]} 38. Bxe4
{[%clk 0:05:13]} Re8 {[%clk 0:01:58]} 39. Kf3 {[%clk 0:04:19]} Rxe4
{[%clk 0:02:04]} 40. Rxb2 {[%clk 0:04:29]} Rxh4 {[%clk 0:02:03]} 41. Rd2
{[%clk 0:04:38]} Ra4 {[%clk 0:01:38]} 42. Rcd3 {[%clk 0:04:45]} Kf8
{[%clk 0:01:42]} 43. d5 {[%clk 0:04:53]} Rhf4+ {[%clk 0:01:40]} 44. Kg3
{[%clk 0:05:03]} Ke7 {[%clk 0:01:23]} 45. d6+ {[%clk 0:05:02]} Kd7
{[%clk 0:01:32]} 46. Rc2 {[%clk 0:04:49]} Rac4 {[%clk 0:01:35]} 47. Ra2
{[%clk 0:04:47]} Ra4 {[%clk 0:01:36]} 48. Rc2 {[%clk 0:04:56]} Rg4+
{[%clk 0:01:28]} 49. Kh3 {[%clk 0:05:04]} Rh4+ {[%clk 0:01:27]} 50. Kg3
{[%clk 0:05:13]} Rhc4 {[%clk 0:01:36]} 51. Rb2 {[%clk 0:05:18]} Rab4
{[%clk 0:00:57]} 52. Ra2 {[%clk 0:05:25]} Rg4+ {[%clk 0:00:57]} 53. Kh3
{[%clk 0:05:34]} Rh4+ {[%clk 0:00:43]} 54. Kg3 {[%clk 0:05:43]} Rhg4+
{[%clk 0:00:52]} 55. Kh3 {[%clk 0:05:52]} Rgd4 {[%clk 0:00:46]} 56. Ra7+
{[%clk 0:05:48]} Ke6 {[%clk 0:00:55]} 57. Re7+ {[%clk 0:05:29]} Kf6
{[%clk 0:01:02]} 58. Rf3+ {[%clk 0:05:04]} Rf4 {[%clk 0:01:11]} 59. Rc3
{[%clk 0:05:07]} Rbc4 {[%clk 0:00:54]} 60. Rb3 {[%clk 0:05:06]} Rb4
{[%clk 0:00:26]} 61. Rc3 {[%clk 0:05:11]} Rbc4 {[%clk 0:00:17]} 62. Rb3
{[%clk 0:05:20]} Rc8 {[%clk 0:00:18]} 63. g3 {[%clk 0:04:59]} Rf5
{[%clk 0:00:26]} 64. Rbb7 {[%clk 0:04:58]} Rf8 {[%clk 0:00:30]} 65. Re3
{[%clk 0:04:36]} Rd5 {[%clk 0:00:27]} 66. Rf3+ {[%clk 0:04:41]} Ke6
{[%clk 0:00:17]} 67. Re7+ {[%clk 0:04:46]} Kxd6 {[%clk 0:00:23]} 68. Rexf7
{[%clk 0:04:56]} Rh5+ {[%clk 0:00:18]} 69. Kg4 {[%clk 0:04:56]} Ra8
{[%clk 0:00:22]} 70. Rd3+ {[%clk 0:04:28]} Ke6 {[%clk 0:00:28]} 71. Rf4
{[%clk 0:04:05]} Re5 {[%clk 0:00:27]} 72. Rdf3 {[%clk 0:03:56]} h5+
{[%clk 0:00:27]} 73. Kh3 {[%clk 0:04:05]} g5 {[%clk 0:00:30]} 74. Rf6+
{[%clk 0:04:11]} Kd5 {[%clk 0:00:39]} 75. g4 {[%clk 0:03:35]} h4 {[%clk 0:00:36]}
76. Rd3+ {[%clk 0:03:38]} Kc4 {[%clk 0:00:36]} 77. Rfd6 {[%clk 0:03:39]} Rb8
{[%clk 0:00:29]} 78. R6d4+ {[%clk 0:03:41]} Kc5 {[%clk 0:00:37]} 79. Ra4
{[%clk 0:03:32]} Rbe8 {[%clk 0:00:32]} 80. Raa3 {[%clk 0:03:20]} Re4
{[%clk 0:00:17]} 81. Rac3+ {[%clk 0:02:50]} Rc4 {[%clk 0:00:22]} 82. Ra3
{[%clk 0:02:59]} Kc6 {[%clk 0:00:15]} 83. Ra5 {[%clk 0:03:01]} Rc5
{[%clk 0:00:22]} 84. Ra6+ {[%clk 0:03:04]} Kb5 {[%clk 0:00:28]} 85. Raa3
{[%clk 0:02:43]} Re4 {[%clk 0:00:35]} 86. Rab3+ {[%clk 0:02:37]} Rb4
{[%clk 0:00:44]} 87. Ra3 {[%clk 0:02:41]} Rbc4 {[%clk 0:00:32]} 88. Rab3+
{[%clk 0:02:39]} Kc6 {[%clk 0:00:27]} 89. Ra3 {[%clk 0:02:48]} Rc1
{[%clk 0:00:22]} 90. Ra6+ {[%clk 0:02:41]} Kb5 {[%clk 0:00:29]} 91. Rg6
{[%clk 0:02:29]} R5c2 {[%clk 0:00:25]} 0-1

[Event "Moscow Rapid Chess Cup 2018"]
[Site "?"]
[Date "2018.12.08"]
[Round "5.4"]
[White "Naumkin, Igor"]
[Black "Yeletsky, Ivan"]
[Result "0-1"]
[BlackElo "2294"]
[WhiteElo "2410"]
[LiveChessVersion "1.4.8"]

1. d4 {[%clk 0:15:17]} Nf6 {[%clk 0:15:18]} 2. c4 {[%clk 0:15:24]} e6
{[%clk 0:15:26]} 3. Nf3 {[%clk 0:15:32]} Bb4+ {[%clk 0:15:34]} 4. Bd2
{[%clk 0:15:39]} Qe7 {[%clk 0:15:41]} 5. g3 {[%clk 0:15:46]} b6 {[%clk 0:15:48]}
6. Bg2 {[%clk 0:15:53]} Bb7 {[%clk 0:15:55]} 7. O-O {[%clk 0:15:53]} Bxd2
{[%clk 0:16:01]} 8. Qxd2 {[%clk 0:15:57]} O-O {[%clk 0:16:05]} 9. Nc3
{[%clk 0:15:36]} Ne4 {[%clk 0:15:33]} 10. Nxe4 {[%clk 0:15:31]} Bxe4
{[%clk 0:15:40]} 11. Qf4 {[%clk 0:15:25]} d5 {[%clk 0:15:47]} 12. cxd5
{[%clk 0:14:54]} exd5 {[%clk 0:15:32]} 13. Rac1 {[%clk 0:14:48]} c5
{[%clk 0:13:47]} 14. dxc5 {[%clk 0:13:56]} bxc5 {[%clk 0:13:53]} 15. Qe5
{[%clk 0:12:56]} Qd8 {[%clk 0:13:49]} 16. Rfd1 {[%clk 0:12:12]} Qb6
{[%clk 0:10:46]} 17. b3 {[%clk 0:06:10]} Nd7 {[%clk 0:08:59]} 18. Qf4
{[%clk 0:05:43]} Rae8 {[%clk 0:07:57]} 19. Bh3 {[%clk 0:04:33]} Nf6
{[%clk 0:07:17]} 20. Nd2 {[%clk 0:03:01]} Bg6 {[%clk 0:06:22]} 21. e3
{[%clk 0:02:31]} Bh5 {[%clk 0:05:45]} 22. g4 {[%clk 0:01:46]} Nxg4
{[%clk 0:04:43]} 23. Bxg4 {[%clk 0:01:45]} Qg6 {[%clk 0:04:47]} 24. Rxc5
{[%clk 0:01:15]} Bxg4 {[%clk 0:04:34]} 25. Rdc1 {[%clk 0:01:16]} Be2+
{[%clk 0:02:46]} 26. Kh1 {[%clk 0:00:52]} Qa6 {[%clk 0:01:19]} 27. Qd4
{[%clk 0:00:23]} Bh5 {[%clk 0:00:40]} 28. Rxd5 {[%clk 0:00:17]} Bg6
{[%clk 0:00:46]} 29. a4 {[%clk 0:00:13]} Qe2 {[%clk 0:00:47]} 0-1

[Event "Moscow Rapid Chess Cup 2018"]
[Site "?"]
[Date "2018.12.08"]
[Round "5.5"]
[White "Shinkevich, Vitaly"]
[Black "Stukan, Martin"]
[Result "1-0"]
[BlackElo "1980"]
[WhiteElo "2545"]
[LiveChessVersion "1.4.8"]

1. d4 {[%clk 0:15:17]} Nf6 {[%clk 0:15:20]} 2. Nf3 {[%clk 0:15:25]} g6
{[%clk 0:15:29]} 3. c4 {[%clk 0:15:34]} Bg7 {[%clk 0:15:37]} 4. g3
{[%clk 0:15:43]} O-O {[%clk 0:15:27]} 5. Bg2 {[%clk 0:15:52]} d6 {[%clk 0:15:36]}
6. Nc3 {[%clk 0:16:01]} c5 {[%clk 0:15:44]} 7. d5 {[%clk 0:16:04]} e6
{[%clk 0:15:42]} 8. O-O {[%clk 0:16:12]} exd5 {[%clk 0:15:43]} 9. cxd5
{[%clk 0:16:21]} Re8 {[%clk 0:15:53]} 10. Bf4 {[%clk 0:16:21]} a6
{[%clk 0:15:31]} 11. a4 {[%clk 0:16:22]} Nh5 {[%clk 0:14:36]} 12. Bg5
{[%clk 0:16:26]} Bf6 {[%clk 0:14:45]} 13. Bd2 {[%clk 0:16:30]} Nd7
{[%clk 0:14:43]} 14. e4 {[%clk 0:16:18]} Bg7 {[%clk 0:11:56]} 15. Re1
{[%clk 0:16:19]} Rb8 {[%clk 0:11:51]} 16. Rb1 {[%clk 0:15:39]} b5
{[%clk 0:10:48]} 17. axb5 {[%clk 0:15:47]} axb5 {[%clk 0:10:57]} 18. b4
{[%clk 0:15:55]} c4 {[%clk 0:10:20]} 19. Ra1 {[%clk 0:15:15]} Ne5
{[%clk 0:10:06]} 20. Nxe5 {[%clk 0:15:14]} Bxe5 {[%clk 0:10:14]} 21. Ra5
{[%clk 0:15:12]} Bd7 {[%clk 0:09:49]} 22. Qc2 {[%clk 0:15:19]} f5
{[%clk 0:07:46]} 23. Qc1 {[%clk 0:14:22]} Ra8 {[%clk 0:06:19]} 24. Rxa8
{[%clk 0:13:51]} Qxa8 {[%clk 0:06:28]} 25. exf5 {[%clk 0:14:00]} gxf5
{[%clk 0:06:34]} 26. Bh6 {[%clk 0:12:59]} Bf6 {[%clk 0:06:12]} 27. Bf3
{[%clk 0:10:10]} Rxe1+ {[%clk 0:06:02]} 28. Qxe1 {[%clk 0:10:18]} Ng7
{[%clk 0:06:06]} 29. Qc1 {[%clk 0:09:29]} Qe8 {[%clk 0:04:16]} 30. Bf4
{[%clk 0:09:22]} Be5 {[%clk 0:04:22]} 31. Ne2 {[%clk 0:08:26]} Qa8
{[%clk 0:01:25]} 32. Kg2 {[%clk 0:07:57]} Qa1 {[%clk 0:01:18]} 33. Qxa1
{[%clk 0:07:58]} Bxa1 {[%clk 0:01:23]} 34. Bxd6 {[%clk 0:08:05]} Ne8
{[%clk 0:01:06]} 35. Bc5 {[%clk 0:06:32]} Nf6 {[%clk 0:01:11]} 36. Kf1
{[%clk 0:06:21]} Ne4 {[%clk 0:01:02]} 37. Bxe4 {[%clk 0:04:35]} fxe4
{[%clk 0:01:12]} 38. Bd4 {[%clk 0:04:43]} Bxd4 {[%clk 0:01:20]} 39. Nxd4
{[%clk 0:04:51]} Kf7 {[%clk 0:01:29]} 40. Ke2 {[%clk 0:04:50]} Kf6
{[%clk 0:01:38]} 41. Ke3 {[%clk 0:03:15]} Ke5 {[%clk 0:01:47]} 42. Ne2
{[%clk 0:03:13]} Kxd5 {[%clk 0:00:54]} 43. Nc3+ {[%clk 0:03:19]} Ke5
{[%clk 0:00:59]} 44. Nxe4 {[%clk 0:03:27]} Bc6 {[%clk 0:01:06]} 45. Nc3
{[%clk 0:02:56]} Kf5 {[%clk 0:01:11]} 46. h3 {[%clk 0:02:58]} h5 {[%clk 0:01:13]}
47. Kd4 {[%clk 0:02:59]} Bd7 {[%clk 0:01:18]} 48. Nd5 {[%clk 0:02:47]} Kg6
{[%clk 0:01:18]} 49. Ke5 {[%clk 0:02:38]} Kf7 {[%clk 0:00:46]} 50. h4
{[%clk 0:02:39]} Bc6 {[%clk 0:00:53]} 51. Nc3 {[%clk 0:02:32]} Kg6
{[%clk 0:00:58]} 52. Kf4 {[%clk 0:02:40]} Kf6 {[%clk 0:01:07]} 53. f3
{[%clk 0:02:46]} Kg6 {[%clk 0:01:12]} 54. Ke5 {[%clk 0:02:38]} Kf7
{[%clk 0:01:16]} 55. Kf5 {[%clk 0:02:18]} Kg7 {[%clk 0:01:22]} 56. Kg5
{[%clk 0:02:24]} Be8 {[%clk 0:01:32]} 57. g4 {[%clk 0:02:11]} hxg4
{[%clk 0:01:34]} 58. fxg4 {[%clk 0:02:20]} Bc6 {[%clk 0:01:42]} 59. Ne2
{[%clk 0:01:58]} Bf3 {[%clk 0:01:39]} 60. Nc3 {[%clk 0:02:03]} Bc6
{[%clk 0:01:48]} 61. Kf4 {[%clk 0:01:54]} Kf6 {[%clk 0:01:56]} 62. h5
{[%clk 0:01:54]} Kf7 {[%clk 0:01:42]} 63. g5 {[%clk 0:02:01]} Kg7
{[%clk 0:01:49]} 64. Ne2 {[%clk 0:02:03]} Be8 {[%clk 0:01:51]} 65. Ng3
{[%clk 0:02:01]} Bd7 {[%clk 0:01:51]} 66. Ne4 {[%clk 0:02:03]} Bc6
{[%clk 0:01:58]} 67. Nf6 {[%clk 0:02:01]} Bb7 {[%clk 0:01:53]} 68. Ke3
{[%clk 0:01:23]} Bc6 {[%clk 0:01:54]} 69. Ng4 {[%clk 0:01:04]} Be8
{[%clk 0:01:52]} 70. h6+ {[%clk 0:01:06]} Kg6 {[%clk 0:01:37]} 71. Ne5+
{[%clk 0:01:10]} Kh7 {[%clk 0:01:44]} 72. Kd4 {[%clk 0:01:13]} Bh5
{[%clk 0:01:45]} 73. Nxc4 {[%clk 0:00:59]} bxc4 {[%clk 0:01:48]} 74. b5
{[%clk 0:00:57]} Bf3 {[%clk 0:01:28]} 75. Kxc4 {[%clk 0:00:50]} Kg6
{[%clk 0:01:36]} 76. b6 {[%clk 0:00:49]} Be4 {[%clk 0:01:42]} 77. Kd4
{[%clk 0:00:57]} Bf3 {[%clk 0:01:50]} 78. Ke5 {[%clk 0:00:59]} Bb7
{[%clk 0:01:58]} 79. Kd6 {[%clk 0:01:01]} Be4 {[%clk 0:02:06]} 80. Kc7
{[%clk 0:01:06]} 1-0